World capitals that start with N - Statistics

General Stats
  • This quiz has been taken 17 times
  • The average score is 8 of 11
Answer Stats
Hint Answer % Correct
Kenya Nairobi
100%
India New Delhi
100%
Cyprus Nicosia
88%
Bahamas Nassau
82%
Niger Niamey
76%
Chad N'Djamena
71%
Myanmar Naypyidaw
59%
Mauritania Nouakchott
59%
Tonga Nukuʻalofa
47%
Kazakhstan Nur-Sultan
47%
Palau Ngerulmud
41%
No matching quizzes found
Score Distribution
Percent of People with Each Score
Percentile by Number Answered
Your Score History
You have not taken this quiz